000 01063cam a22002295a 4500
001 E140504
008 070926s2007 xxkd f 000 0 eng d
035 _a(Sirsi) u140504
041 0 _aeng
050 0 4 _a332.6324 $2 18
110 2 _aDTZ Research
_93886
245 0 0 _aMoney into property 2007
_h[executive summary]
250 _a32nd ed.
260 _aLondon
_bDTZ Research
_c2007
300 _a28p.
_c30cm.
350 _a0.00
520 _aThis executive summary provides an overview of the main flows of equity and debt into the commercial property sector and assesses trends in institutional and overseas investment, property company capital issues and loan finance. Complete edition providing more detailed results and commentary is available for a charge for download from the DTZ research website www.dtz.com/research
651 4 _aInternational
690 _aPROPERTY-COMMERCIAL PROPERTY-COMMERCIAL PROPERTY FINANCE AND INVESTMENT
690 _aPROPERTY-PROPERTY FINANCE AND INVESTMENT-PROPERTY INVESTMENT PERFORMANCE MEASUREMENT
942 _n0
999 _c107512
_d107512